000
00473nam a2200169Ia 4500
008
090711s9999 xx 000 0 und d
082
_b
53998
100
_a
काळे वैजयंती
245
_a
थोरला भाऊ
260
_c
1986
300
_a
279
600
_a
काळे वैजयंती
630
_a
थोरला भाऊ
700
_a
काळे वैजयंती
730
_a
थोरला भाऊ
942
_c
BOOK
999
_c
302409
_d
302409